| 000 | 01066nam a22003017a 4500 | ||
|---|---|---|---|
| 003 | CHAP | ||
| 005 | 20220329143446.0 | ||
| 008 | 091017s1985 mx b r 00010 spa d | ||
| 010 | _a96958 | ||
| 011 | _a97930 | ||
| 035 | _a108604 | ||
| 040 | _cCHAP | ||
| 082 | 0 | 4 |
_a332.71 _bR26 |
| 245 | 0 | 3 |
_aLa regionalización y caracterización agroeconómica como instrumento de planeación en la operativa crediticia banrural (Planteamientos Metodológicos) _c/por Francisco Enriquez Lizaola ...[et al.] |
| 260 |
_aMéxico : _bBanrural, _c1985 |
||
| 300 |
_a49 p. : _bcuadros, mapas |
||
| 590 |
_aBATCH-UPD _b10 _c20130110 _lUCH01 _h0950 |
||
| 590 |
_aBATCH-UPD _b10 _c20130410 _lUCH01 _h0604 |
||
| 590 |
_aBATCH-UPD _b10 _c20130914 _lUCH01 _h1100 |
||
| 590 |
_aCONVERSION _b10 _c20130109 _lUCH01 _h1354 |
||
| 650 | 1 | 4 |
_aCrédito agrícola. _929022 |
| 650 | 1 | 4 |
_aRegionalización. _995663 |
| 700 | 0 |
_aEnríquez Lizaola, Francisco. _937039 |
|
| 901 | _aBK | ||
| 911 | _aen proceso | ||
| 942 | _cLIBRO | ||
| 949 |
_a332.71 R26 _bBC _cLIBRO _d33724002122611 _eLIBRO _h111192 _i108604 _sb |
||
| 999 |
_c96958 _d96958 |
||